[Event "28. Obert La Pobla de Lillet"]
[Site "La Pobla de Lillet ESP"]
[Date "2018.08.03"]
[Round "3.2"]
[White "Castillo Dalmau, Albert"]
[Black "Fernandez Cardoso, Alexey"]
[Result "1/2-1/2"]
[WhiteElo "2225"]
[BlackElo "2403"]
[PlyCount "103"]
[EventDate "2018.08.01"]
[EventType "swiss"]
[EventRounds "9"]
[EventCountry "ESP"]
[SourceTitle "Ajedrez en Madrid"]
[Source "lmi"]
[SourceDate "2018.08.01"]
[SourceVersion "1"]
[SourceVersionDate "2019.06.15"]
[SourceQuality "1"]

1. c4 Nf6 2. g3 g6 3. Bg2 Bg7 4. Nc3 O-O 5. e4 d6 6. Nge2 e5 7. O-O Be6 8. d3
Qd7 9. f4 Nc6 10. Nd5 Bg4 11. Ne3 Bh5 12. Bf3 exf4 13. Nxf4 Bxf3 14. Qxf3 Nd4
15. Qg2 c6 16. Bd2 Ng4 17. Nxg4 Qxg4 18. h3 Qd7 19. Bc3 f5 20. Rae1 Be5 21.
exf5 Rxf5 22. Re4 Qg7 23. Kh2 c5 24. Bxd4 cxd4 25. Ree1 Kh8 26. Ne2 Raf8 27.
Rxf5 Rxf5 28. Rf1 Qf6 29. Kg1 h5 30. h4 Qf7 31. Rf2 Kg7 32. Qf1 Rxf2 33. Qxf2
Qd7 34. Qf3 b5 35. b3 bxc4 36. bxc4 a5 37. Qe4 Qh3 38. Kf2 Kh6 39. Qg2 Qc8 40.
Qe4 g5 41. Nxd4 Qc5 42. Ke3 gxh4 43. gxh4 Kg7 44. a4 Bf6 45. Qg2+ Kf7 46. Qb7+
Kg6 47. Qe4+ Kf7 48. Qh7+ Kf8 49. Qe4 Kf7 50. Qe6+ Kg6 51. Qg8+ Kh6 52. Qf8+
1/2-1/2

[Event "28. Obert La Pobla de Lillet"]
[Site "La Pobla de Lillet ESP"]
[Date "2018.08.03"]
[Round "3.3"]
[White "Alarcon Casellas, Rolando"]
[Black "Ayza Ballester, Jordi"]
[Result "1/2-1/2"]
[WhiteElo "2385"]
[BlackElo "2198"]
[PlyCount "51"]
[EventDate "2018.08.01"]
[EventType "swiss"]
[EventRounds "9"]
[EventCountry "ESP"]
[SourceTitle "Ajedrez en Madrid"]
[Source "lmi"]
[SourceDate "2018.08.01"]
[SourceVersion "1"]
[SourceVersionDate "2019.06.15"]
[SourceQuality "1"]

1. d4 Nf6 2. Bg5 e6 3. e4 h6 4. Bxf6 Qxf6 5. c3 c5 6. Nf3 cxd4 7. cxd4 Bb4+ 8.
Nc3 O-O 9. Rc1 d6 10. a3 Bxc3+ 11. Rxc3 Nc6 12. Bb5 Bd7 13. O-O a6 14. Bxc6
Bxc6 15. Re1 Rac8 16. Qb3 Rfe8 17. h3 Qg6 18. Nd2 Qf6 19. Qb4 a5 20. Qb6 Ra8
21. Nc4 Qd8 22. Qxd8 Raxd8 23. d5 Bb5 24. Ne3 Rd7 25. Rb3 Ba6 26. Rb6 1/2-1/2

[Event "28. Obert La Pobla de Lillet"]
[Site "La Pobla de Lillet ESP"]
[Date "2018.08.03"]
[Round "3.4"]
[White "Renteria, Jorge"]
[Black "Garcia Escoda, Marc"]
[Result "1/2-1/2"]
[WhiteElo "2280"]
[BlackElo "1861"]
[PlyCount "44"]
[EventDate "2018.08.01"]
[EventType "swiss"]
[EventRounds "9"]
[EventCountry "ESP"]
[SourceTitle "Ajedrez en Madrid"]
[Source "lmi"]
[SourceDate "2018.08.01"]
[SourceVersion "1"]
[SourceVersionDate "2019.06.15"]
[SourceQuality "1"]

1. e4 c5 2. Nf3 Nf6 3. Nc3 d5 4. exd5 Nxd5 5. Bb5+ Bd7 6. O-O Bxb5 7. Nxb5 a6
8. Nc3 Nc6 9. Nxd5 Qxd5 10. b3 e5 11. Bb2 Be7 12. c4 Qd6 13. Re1 f6 14. Nh4 g6
15. f4 exf4 16. Qg4 Nd4 17. Bxd4 Qxd4+ 18. Kh1 Qd7 19. Re6 f5 20. Qe2 Kf7 21.
Nxf5 Qxe6 22. Nh6+ Kf6 1/2-1/2

[Event "28. Obert La Pobla de Lillet"]
[Site "La Pobla de Lillet ESP"]
[Date "2018.08.03"]
[Round "3.5"]
[White "Collell Rodriguez, Victor"]
[Black "Mellado Trivino, Joan"]
[Result "0-1"]
[WhiteElo "1873"]
[BlackElo "2362"]
[PlyCount "72"]
[EventDate "2018.08.01"]
[EventType "swiss"]
[EventRounds "9"]
[EventCountry "ESP"]
[SourceTitle "Ajedrez en Madrid"]
[Source "lmi"]
[SourceDate "2018.08.01"]
[SourceVersion "1"]
[SourceVersionDate "2019.06.15"]
[SourceQuality "1"]

1. e4 e6 2. Nf3 d5 3. exd5 exd5 4. d4 Bd6 5. c4 dxc4 6. Bxc4 Nf6 7. Nc3 O-O 8.
O-O Nc6 9. h3 h6 10. Re1 Bf5 11. Ne5 Bxe5 12. dxe5 Qxd1 13. Nxd1 Nd7 14. Bf4
Nb6 15. Ne3 Nxc4 16. Nxc4 Rfd8 17. Red1 Be6 18. Ne3 a5 19. a3 Bb3 20. Rxd8+
Rxd8 21. Nf1 Rd3 22. e6 Bxe6 23. Bxc7 Rb3 24. Nd2 Rxb2 25. Ne4 b5 26. Rc1 Nd4
27. Ng3 Nb3 28. Rc6 b4 29. axb4 axb4 30. Rb6 Nc5 31. Bd6 Nd3 32. Ne4 b3 33. Nc5
Rb1+ 34. Kh2 Nxf2 35. Nxe6 fxe6 36. Bg3 Rh1# 0-1

[Event "28. Obert La Pobla de Lillet"]
[Site "La Pobla de Lillet ESP"]
[Date "2018.08.03"]
[Round "3.6"]
[White "Cervello Tost, Ferran"]
[Black "Iagar, Razvan-Gabriel"]
[Result "1-0"]
[WhiteElo "2326"]
[BlackElo "2146"]
[PlyCount "59"]
[EventDate "2018.08.01"]
[EventType "swiss"]
[EventRounds "9"]
[EventCountry "ESP"]
[SourceTitle "Ajedrez en Madrid"]
[Source "lmi"]
[SourceDate "2018.08.01"]
[SourceVersion "1"]
[SourceVersionDate "2019.06.15"]
[SourceQuality "1"]

1. d4 d5 2. Nf3 Nf6 3. g3 Bf5 4. Bg2 c6 5. O-O h6 6. c4 e6 7. Nc3 Nbd7 8. Qb3
Qb6 9. c5 Qa6 10. Re1 b6 11. cxb6 axb6 12. Ne5 Nxe5 13. dxe5 Nd7 14. e4 Nc5 15.
Qd1 Nxe4 16. Nxe4 dxe4 17. Bxe4 Bxe4 18. Rxe4 Be7 19. Qg4 g6 20. Qf3 Qb5 21. b3
Rd8 22. Be3 c5 23. Ra4 Kf8 24. Ra7 Rd7 25. Ra8+ Rd8 26. Rxd8+ Bxd8 27. Rd1 Be7
28. Qb7 Bg5 29. Rd7 Rh7 30. Qc8+ 1-0

[Event "28. Obert La Pobla de Lillet"]
[Site "La Pobla de Lillet ESP"]
[Date "2018.08.03"]
[Round "3.7"]
[White "Capellades Subirana, Marc"]
[Black "Vinals Rioja, Jaume"]
[Result "1/2-1/2"]
[WhiteElo "2211"]
[BlackElo "1985"]
[PlyCount "73"]
[EventDate "2018.08.01"]
[EventType "swiss"]
[EventRounds "9"]
[EventCountry "ESP"]
[SourceTitle "Ajedrez en Madrid"]
[Source "lmi"]
[SourceDate "2018.08.01"]
[SourceVersion "1"]
[SourceVersionDate "2019.06.15"]
[SourceQuality "1"]

1. e4 c5 2. Nf3 d6 3. d4 cxd4 4. Nxd4 Nf6 5. Nc3 g6 6. Be3 Bg7 7. Be2 Nc6 8.
O-O O-O 9. a3 Nxd4 10. Bxd4 Be6 11. f3 a6 12. Qd2 Rc8 13. Rad1 Bc4 14. Bxc4
Rxc4 15. Ne2 Qc7 16. c3 b5 17. Qe3 Rb8 18. Qf2 a5 19. g4 Nd7 20. Bxg7 Kxg7 21.
Nf4 Nb6 22. Qd2 Qc5+ 23. Rf2 b4 24. cxb4 axb4 25. Nd3 Qb5 26. Nxb4 Rbc8 27. Kg2
h5 28. h3 Qe5 29. Nd3 Qf6 30. Qf4 Qe6 31. Qg3 hxg4 32. hxg4 Rc2 33. Rh1 Qb3 34.
Rxc2 Rxc2+ 35. Nf2 Qxb2 36. Qh4 Kf8 37. Qh8+ 1/2-1/2

[Event "28. Obert La Pobla de Lillet"]
[Site "La Pobla de Lillet ESP"]
[Date "2018.08.03"]
[Round "3.8"]
[White "Simon Padros, Emili"]
[Black "Prats Rodriguez, Joan Bosco"]
[Result "1/2-1/2"]
[WhiteElo "2166"]
[BlackElo "2034"]
[PlyCount "39"]
[EventDate "2018.08.01"]
[EventType "swiss"]
[EventRounds "9"]
[EventCountry "ESP"]
[SourceTitle "Ajedrez en Madrid"]
[Source "lmi"]
[SourceDate "2018.08.01"]
[SourceVersion "1"]
[SourceVersionDate "2019.06.15"]
[SourceQuality "1"]

1. e4 d6 2. d4 Nf6 3. Nc3 g6 4. f4 Bg7 5. Nf3 O-O 6. e5 Nfd7 7. h4 c5 8. e6
fxe6 9. h5 cxd4 10. Nxd4 Nf6 11. hxg6 hxg6 12. Bd3 Qe8 13. Ndb5 Na6 14. Be3 b6
15. Qf3 Bd7 16. Qg3 Nh5 17. Qh2 e5 18. Bc4+ Kh7 19. Bd3 Kg8 20. f5 1/2-1/2

[Event "28. Obert La Pobla de Lillet"]
[Site "La Pobla de Lillet ESP"]
[Date "2018.08.03"]
[Round "3.9"]
[White "Moya Arau, Carles"]
[Black "Longa Yauca, Javier"]
[Result "0-1"]
[WhiteElo "2034"]
[BlackElo "2268"]
[PlyCount "80"]
[EventDate "2018.08.01"]
[EventType "swiss"]
[EventRounds "9"]
[EventCountry "ESP"]
[SourceTitle "Ajedrez en Madrid"]
[Source "lmi"]
[SourceDate "2018.08.01"]
[SourceVersion "1"]
[SourceVersionDate "2019.06.15"]
[SourceQuality "1"]

1. d4 Nf6 2. Nf3 d6 3. Bg5 Ne4 4. Bf4 c6 5. Nbd2 f5 6. e3 Nd7 7. Bd3 Ndf6 8. c3
g6 9. Qc2 Bg7 10. Bg3 Nxg3 11. hxg3 O-O 12. e4 e6 13. O-O Ng4 14. Rfe1 Kh8 15.
e5 d5 16. Nf1 b6 17. N1h2 Nxh2 18. Kxh2 c5 19. Qd2 c4 20. Bc2 Bd7 21. Rh1 Kg8
22. Kg1 b5 23. Nh2 Qe7 24. g4 f4 25. Nf3 a5 26. g5 b4 27. Rh4 Rab8 28. Rxf4
Rxf4 29. Qxf4 bxc3 30. bxc3 Qa3 31. Qd2 Rb2 32. Rb1 Qxa2 33. Rxb2 Qxb2 34. Bd1
Qxd2 35. Nxd2 Bf8 36. Kf1 Ba3 37. Ke2 Bb2 38. Nb1 a4 39. Kd2 a3 40. Kc2 Ba4+
0-1

[Event "28. Obert La Pobla de Lillet"]
[Site "La Pobla de Lillet ESP"]
[Date "2018.08.03"]
[Round "3.10"]
[White "Perez Garcia, Adria"]
[Black "Masachs Vendrell, Francesc"]
[Result "0-1"]
[WhiteElo "2115"]
[BlackElo "1969"]
[PlyCount "60"]
[EventDate "2018.08.01"]
[EventType "swiss"]
[EventRounds "9"]
[EventCountry "ESP"]
[SourceTitle "Ajedrez en Madrid"]
[Source "lmi"]
[SourceDate "2018.08.01"]
[SourceVersion "1"]
[SourceVersionDate "2019.06.15"]
[SourceQuality "1"]

1. d4 Nf6 2. Bf4 d5 3. e3 Bf5 4. Nf3 e6 5. Be2 Bd6 6. Bxd6 Qxd6 7. O-O Nbd7 8.
c4 dxc4 9. Bxc4 O-O 10. Nc3 c5 11. Qe2 Bg4 12. Rfd1 Qb6 13. Na4 Qa5 14. Nxc5
Nxc5 15. dxc5 Qxc5 16. Bb3 Qh5 17. Rd4 e5 18. Rxg4 Qxg4 19. Qb5 e4 20. Nd4 Qd7
21. Qg5 h6 22. Qa5 b6 23. Qb4 Rfd8 24. h3 Qd6 25. Qc4 Rd7 26. Rc1 a6 27. Nf5
Qe5 28. Nd4 Ne8 29. Qc6 Rc7 30. Bxf7+ Kxf7 0-1

[Event "28. Obert La Pobla de Lillet"]
[Site "La Pobla de Lillet ESP"]
[Date "2018.08.04"]
[Round "4.1"]
[White "Movsziszian, Karen"]
[Black "Alarcon Casellas, Rolando"]
[Result "1-0"]
[WhiteElo "2536"]
[BlackElo "2385"]
[PlyCount "36"]
[EventDate "2018.08.01"]
[EventType "swiss"]
[EventRounds "9"]
[EventCountry "ESP"]
[SourceTitle "Ajedrez en Madrid"]
[Source "lmi"]
[SourceDate "2018.08.01"]
[SourceVersion "1"]
[SourceVersionDate "2019.06.15"]
[SourceQuality "1"]

1. g3 g6 2. Bg2 Bg7 3. d3 c5 4. f4 Nc6 5. Nf3 e6 6. O-O Nge7 7. e4 d5 8. c3 O-O
9. Na3 b6 10. Qe2 Ba6 11. e5 b5 12. Nc2 b4 13. c4 Qb6 14. b3 Rad8 15. Bb2 Bb7
16. Qf2 a5 17. Ne3 d4 18. Ng4 Kh8 1-0

[Event "28. Obert La Pobla de Lillet"]
[Site "La Pobla de Lillet ESP"]
[Date "2018.08.04"]
[Round "4.2"]
[White "Fernandez Cardoso, Alexey"]
[Black "Renteria, Jorge"]
[Result "1-0"]
[WhiteElo "2403"]
[BlackElo "2280"]
[PlyCount "87"]
[EventDate "2018.08.01"]
[EventType "swiss"]
[EventRounds "9"]
[EventCountry "ESP"]
[SourceTitle "Ajedrez en Madrid"]
[Source "lmi"]
[SourceDate "2018.08.01"]
[SourceVersion "1"]
[SourceVersionDate "2019.06.15"]
[SourceQuality "1"]

1. e4 e5 2. Nf3 Nc6 3. Bb5 Nd4 4. Nxd4 exd4 5. O-O Bc5 6. Bc4 Qh4 7. Qf3 Qf6 8.
Qe2 Ne7 9. e5 Qg6 10. c3 O-O 11. Bd3 Qh6 12. b4 Bb6 13. Na3 d5 14. exd6 Nf5 15.
Nc4 Nxd6 16. Nxb6 axb6 17. Qe5 Qh4 18. g3 Qh6 19. Qxd4 Bh3 20. Re1 Rad8 21. Bf1
Rfe8 22. d3 Qh5 23. Bg5 f6 24. Bxh3 Qxh3 25. Bf4 Nf5 26. Rxe8+ Rxe8 27. Qd5+
Kh8 28. Qf7 Ra8 29. Re1 h5 30. Re8+ Rxe8 31. Qxe8+ Kh7 32. Qe4 c6 33. a4 Qg4
34. f3 Qg6 35. b5 Nh4 36. Qxg6+ Nxg6 37. bxc6 bxc6 38. Bc7 b5 39. a5 Ne7 40.
Bd6 Nd5 41. c4 bxc4 42. dxc4 Ne3 43. a6 Nxc4 44. Bc5 1-0

[Event "28. Obert La Pobla de Lillet"]
[Site "La Pobla de Lillet ESP"]
[Date "2018.08.04"]
[Round "4.3"]
[White "Mellado Trivino, Joan"]
[Black "Castillo Dalmau, Albert"]
[Result "1-0"]
[WhiteElo "2362"]
[BlackElo "2225"]
[PlyCount "57"]
[EventDate "2018.08.01"]
[EventType "swiss"]
[EventRounds "9"]
[EventCountry "ESP"]
[SourceTitle "Ajedrez en Madrid"]
[Source "lmi"]
[SourceDate "2018.08.01"]
[SourceVersion "1"]
[SourceVersionDate "2019.06.15"]
[SourceQuality "1"]

1. e4 c5 2. Nf3 e6 3. c3 Nf6 4. e5 Nd5 5. d4 cxd4 6. cxd4 b6 7. Nc3 Nxc3 8.
bxc3 Qc7 9. Be2 Ba6 10. O-O Be7 11. Ng5 Bxe2 12. Qxe2 Nc6 13. Qh5 Bxg5 14. Bxg5
O-O 15. f4 f6 16. exf6 gxf6 17. Bh6 Rf7 18. Rf3 d5 19. Re1 Qd7 20. Qg4+ Kh8 21.
Qxe6 Rd8 22. f5 Kg8 23. Qxd7 Rfxd7 24. Re6 Na5 25. Rxf6 Nc4 26. Rg3+ Kh8 27.
Re6 Nd6 28. Bg5 Ne4 29. Rxe4 1-0

[Event "28. Obert La Pobla de Lillet"]
[Site "La Pobla de Lillet ESP"]
[Date "2018.08.04"]
[Round "4.4"]
[White "Ayza Ballester, Jordi"]
[Black "Cervello Tost, Ferran"]
[Result "1/2-1/2"]
[WhiteElo "2198"]
[BlackElo "2326"]
[PlyCount "125"]
[EventDate "2018.08.01"]
[EventType "swiss"]
[EventRounds "9"]
[EventCountry "ESP"]
[SourceTitle "Ajedrez en Madrid"]
[Source "lmi"]
[SourceDate "2018.08.01"]
[SourceVersion "1"]
[SourceVersionDate "2019.06.15"]
[SourceQuality "1"]

1. e4 c6 2. d4 d5 3. Nc3 dxe4 4. Nxe4 Bf5 5. Ng3 Bg6 6. Nf3 Nd7 7. c3 e6 8. Bd3
Ngf6 9. O-O Bd6 10. Re1 Qc7 11. a4 O-O 12. Bxg6 hxg6 13. a5 e5 14. dxe5 Nxe5
15. Nxe5 Bxe5 16. Qc2 Rfe8 17. Rd1 Ng4 18. Ra4 Nf6 19. Nf1 Rad8 20. Be3 b5 21.
axb6 axb6 22. Rda1 Nd5 23. h3 Qe7 24. Qb3 Bb8 25. Rd4 Nxe3 26. Rxd8 Qxd8 27.
Nxe3 Qc7 28. Nf1 b5 29. Rd1 Ba7 30. Qc2 Qe7 31. Rd2 Qe6 32. Qd3 Bb6 33. Qg3 Qf5
34. Ne3 Qb1+ 35. Kh2 Qe1 36. Rd3 Qe2 37. Rd7 Bxe3 38. fxe3 Qxe3 39. Qxe3 Rxe3
40. Rd8+ Kh7 41. Rd7 f5 42. Rd6 Re2 43. b4 f4 44. Kg1 Rc2 45. Rxc6 Kh6 46. c4
bxc4 47. b5 Kh5 48. b6 g5 49. Rc7 Rb2 50. b7 c3 51. Rxg7 f3 52. gxf3 Kh4 53.
Rc7 Kxh3 54. Rxc3 Kg3 55. Kf1 Rxb7 56. Ke2 Rb5 57. Ra3 Re5+ 58. Re3 Rb5 59. Ra3
Rb4 60. Rc3 Kf4 61. Rc2 Kg3 62. Rc3 Rb5 63. Ra3 1/2-1/2

[Event "28. Obert La Pobla de Lillet"]
[Site "La Pobla de Lillet ESP"]
[Date "2018.08.04"]
[Round "4.5"]
[White "Garcia Escoda, Marc"]
[Black "Gomez Jurado, Luis Alberto"]
[Result "1/2-1/2"]
[WhiteElo "1861"]
[BlackElo "2256"]
[PlyCount "69"]
[EventDate "2018.08.01"]
[EventType "swiss"]
[EventRounds "9"]
[EventCountry "ESP"]
[SourceTitle "Ajedrez en Madrid"]
[Source "lmi"]
[SourceDate "2018.08.01"]
[SourceVersion "1"]
[SourceVersionDate "2019.06.15"]
[SourceQuality "1"]

1. e4 c5 2. Nf3 Nc6 3. d4 cxd4 4. Nxd4 Nf6 5. Nc3 e5 6. Ndb5 d6 7. Bg5 a6 8.
Na3 b5 9. Nd5 Be7 10. Bxf6 Bxf6 11. c4 b4 12. Nc2 O-O 13. Ncxb4 Nxb4 14. Nxb4
Qb6 15. Qd2 Rb8 16. Nd5 Qxb2 17. Qxb2 Rxb2 18. Bd3 Bd8 19. O-O g6 20. Rfb1 Rd2
21. Rd1 Rxd1+ 22. Rxd1 f5 23. Rb1 Be6 24. f3 f4 25. Kf1 g5 26. Rb8 g4 27. Be2
h5 28. Ra8 g3 29. h3 a5 30. Ra6 Bxd5 31. cxd5 Bc7 32. a4 Rb8 33. Bb5 Bb6 34.
Ke2 Kf8 35. Kd3 1/2-1/2

[Event "28. Obert La Pobla de Lillet"]
[Site "La Pobla de Lillet ESP"]
[Date "2018.08.04"]
[Round "4.6"]
[White "Longa Yauca, Javier"]
[Black "Arnijas Fabregas, Marc"]
[Result "1-0"]
[WhiteElo "2268"]
[BlackElo "2034"]
[PlyCount "115"]
[EventDate "2018.08.01"]
[EventType "swiss"]
[EventRounds "9"]
[EventCountry "ESP"]
[SourceTitle "Ajedrez en Madrid"]
[Source "lmi"]
[SourceDate "2018.08.01"]
[SourceVersion "1"]
[SourceVersionDate "2019.06.15"]
[SourceQuality "1"]

1. d4 d6 2. c4 e5 3. Nf3 e4 4. Nfd2 f5 5. e3 Nf6 6. Nc3 g6 7. f3 exf3 8. Nxf3
Bg7 9. Bd3 O-O 10. O-O c6 11. Bd2 Kh8 12. Qb3 Qb6 13. Qa3 Qc7 14. Rae1 Be6 15.
Re2 Nbd7 16. Be1 Ne4 17. Nxe4 fxe4 18. Bxe4 Bxc4 19. Bd3 Bxd3 20. Qxd3 d5 21.
Bg3 Qa5 22. Bd6 Rf6 23. b4 Qb5 24. Qxb5 cxb5 25. Be5 Ra6 26. Bxg7+ Kxg7 27. e4
Re8 28. e5 Nf8 29. Ng5 h6 30. Nf7 Re7 31. Nxh6 Ne6 32. Ng4 Nxd4 33. Rd2 Nc6 34.
Rxd5 Nxb4 35. Rxb5 Nxa2 36. Rfb1 b6 37. R5b3 Ra4 38. h3 Rc4 39. Kh2 Nc1 40. Re3
Na2 41. Rd1 Nb4 42. Rd6 Na6 43. Rf3 Nc5 44. Rff6 Rxg4 45. hxg4 Rxe5 46. Rxg6+
Kh7 47. Rh6+ Kg7 48. Rhg6+ Kh7 49. Rgf6 Kg7 50. Rf5 Re1 51. g5 Re4 52. Kh3 Rb4
53. g6 Kh6 54. g4 Re4 55. Rh5+ Kg7 56. Rh7+ Kf8 57. Rd8+ Re8 58. g7+ 1-0

[Event "28. Obert La Pobla de Lillet"]
[Site "La Pobla de Lillet ESP"]
[Date "2018.08.04"]
[Round "4.7"]
[White "Prats Rodriguez, Joan Bosco"]
[Black "Capellades Subirana, Marc"]
[Result "1/2-1/2"]
[WhiteElo "2034"]
[BlackElo "2211"]
[PlyCount "42"]
[EventDate "2018.08.01"]
[EventType "swiss"]
[EventRounds "9"]
[EventCountry "ESP"]
[SourceTitle "Ajedrez en Madrid"]
[Source "lmi"]
[SourceDate "2018.08.01"]
[SourceVersion "1"]
[SourceVersionDate "2019.06.15"]
[SourceQuality "1"]

1. e4 e5 2. Nf3 Nc6 3. Bc4 Bc5 4. c3 Nf6 5. d3 O-O 6. O-O d5 7. exd5 Nxd5 8.
Re1 Nb6 9. b4 Bd6 10. Bb3 Bg4 11. Nbd2 Ne7 12. h3 Bxf3 13. Nxf3 Ng6 14. Bg5 Qd7
15. d4 exd4 16. Qxd4 a5 17. a3 axb4 18. axb4 Rxa1 19. Rxa1 h6 20. Qe4 Kh8 21.
Be3 Qe7 1/2-1/2

[Event "28. Obert La Pobla de Lillet"]
[Site "La Pobla de Lillet ESP"]
[Date "2018.08.04"]
[Round "4.8"]
[White "Menac Comas, Joan Ramon"]
[Black "Simon Padros, Emili"]
[Result "0-1"]
[WhiteElo "2031"]
[BlackElo "2166"]
[PlyCount "100"]
[EventDate "2018.08.01"]
[EventType "swiss"]
[EventRounds "9"]
[EventCountry "ESP"]
[SourceTitle "Ajedrez en Madrid"]
[Source "lmi"]
[SourceDate "2018.08.01"]
[SourceVersion "1"]
[SourceVersionDate "2019.06.15"]
[SourceQuality "1"]

1. Nf3 Nf6 2. c4 g6 3. b3 Bg7 4. Bb2 O-O 5. g3 c5 6. Bg2 Nc6 7. O-O d5 8. cxd5
Nxd5 9. Bxg7 Kxg7 10. Qc1 Qd6 11. Na3 Nc7 12. Qc3+ Kg8 13. Rac1 Ne6 14. Nc4 Qd8
15. Rfe1 Rb8 16. h4 Ncd4 17. e3 Nxf3+ 18. Bxf3 f6 19. a4 b6 20. h5 gxh5 21. Qc2
Ng5 22. Bg2 Bh3 23. f4 Bxg2 24. Kxg2 Ne6 25. Qe4 Ng7 26. d4 Qd7 27. dxc5 bxc5
28. Red1 Qg4 29. Qf3 Rfd8 30. Na5 Nf5 31. Qxg4+ hxg4 32. Rxd8+ Rxd8 33. Rxc5
Rd2+ 34. Kg1 Nxe3 35. Nc6 Kf7 36. Ra5 Rg2+ 37. Kh1 Rxg3 38. Rxa7 Nf5 39. b4 h5
40. b5 Rb3 41. Nd8+ Kg6 42. Nc6 Rb1+ 43. Kg2 Rb2+ 44. Kg1 h4 45. Nxe7+ Nxe7 46.
Rxe7 h3 47. Re3 Kf5 48. Ra3 Kxf4 49. Ra1 h2+ 50. Kh1 Kg3 0-1

[Event "28. Obert La Pobla de Lillet"]
[Site "La Pobla de Lillet ESP"]
[Date "2018.08.04"]
[Round "4.9"]
[White "Vinals Rioja, Jaume"]
[Black "Gonzalez Saguillo, Oriol"]
[Result "0-1"]
[WhiteElo "1985"]
[BlackElo "2098"]
[PlyCount "48"]
[EventDate "2018.08.01"]
[EventType "swiss"]
[EventRounds "9"]
[EventCountry "ESP"]
[SourceTitle "Ajedrez en Madrid"]
[Source "lmi"]
[SourceDate "2018.08.01"]
[SourceVersion "1"]
[SourceVersionDate "2019.06.15"]
[SourceQuality "1"]

1. Nf3 Nf6 2. d4 g6 3. e3 Bg7 4. Bd3 d6 5. c3 Nbd7 6. Nbd2 O-O 7. Qc2 Re8 8.
O-O e5 9. Re1 b6 10. e4 Bb7 11. d5 c6 12. dxc6 Bxc6 13. c4 Rc8 14. b3 d5 15.
Bb2 d4 16. a4 Nc5 17. b4 Nxd3 18. Qxd3 Nxe4 19. Nxe4 f5 20. Nfd2 fxe4 21. Nxe4
Rf8 22. a5 Qh4 23. f3 bxa5 24. Rxa5 Qxe1+ 0-1

[Event "28. Obert La Pobla de Lillet"]
[Site "La Pobla de Lillet ESP"]
[Date "2018.08.04"]
[Round "4.10"]
[White "Masachs Vendrell, Francesc"]
[Black "Toquero Gracia, Pau"]
[Result "1/2-1/2"]
[WhiteElo "1969"]
[BlackElo "2071"]
[PlyCount "55"]
[EventDate "2018.08.01"]
[EventType "swiss"]
[EventRounds "9"]
[EventCountry "ESP"]
[SourceTitle "Ajedrez en Madrid"]
[Source "lmi"]
[SourceDate "2018.08.01"]
[SourceVersion "1"]
[SourceVersionDate "2019.06.15"]
[SourceQuality "1"]

1. d4 d6 2. Bf4 c6 3. c3 Nd7 4. Nf3 Ngf6 5. e3 Nh5 6. Bg5 Qb6 7. Qb3 Qxb3 8.
axb3 e5 9. Nbd2 exd4 10. exd4 d5 11. Be2 h6 12. Bh4 Nf4 13. Bg3 Nxe2 14. Kxe2
Be7 15. Rhe1 Nf6 16. Kf1 Be6 17. Ne5 O-O 18. Ng6 Rfe8 19. Nxe7+ Rxe7 20. Be5
Ng4 21. Bd6 Rd7 22. Bg3 a6 23. h3 Nf6 24. Be5 Nh7 25. b4 Re8 26. g4 Rde7 27.
Bd6 Rd7 28. Be5 1/2-1/2

[Event "28. Obert La Pobla de Lillet"]
[Site "La Pobla de Lillet ESP"]
[Date "2018.08.05"]
[Round "5.1"]
[White "Fernandez Cardoso, Alexey"]
[Black "Movsziszian, Karen"]
[Result "1/2-1/2"]
[WhiteElo "2403"]
[BlackElo "2536"]
[PlyCount "39"]
[EventDate "2018.08.01"]
[EventType "swiss"]
[EventRounds "9"]
[EventCountry "ESP"]
[SourceTitle "Ajedrez en Madrid"]
[Source "lmi"]
[SourceDate "2018.08.01"]
[SourceVersion "1"]
[SourceVersionDate "2019.06.15"]
[SourceQuality "1"]

1. e4 d6 2. d4 Nf6 3. Nc3 g6 4. f3 c6 5. Be3 b5 6. Qd2 Nbd7 7. g4 Nb6 8. g5 Nh5
9. Bd3 e5 10. O-O-O Be7 11. Nge2 O-O 12. f4 b4 13. Nb1 c5 14. dxc5 dxc5 15. c4
bxc3 16. Nbxc3 c4 17. Bc2 Qxd2+ 18. Bxd2 exf4 19. Nxf4 Bg4 20. Nfd5 1/2-1/2

[Event "28. Obert La Pobla de Lillet"]
[Site "La Pobla de Lillet ESP"]
[Date "2018.08.05"]
[Round "5.2"]
[White "Cervello Tost, Ferran"]
[Black "Mellado Trivino, Joan"]
[Result "1/2-1/2"]
[WhiteElo "2326"]
[BlackElo "2362"]
[PlyCount "36"]
[EventDate "2018.08.01"]
[EventType "swiss"]
[EventRounds "9"]
[EventCountry "ESP"]
[SourceTitle "Ajedrez en Madrid"]
[Source "lmi"]
[SourceDate "2018.08.01"]
[SourceVersion "1"]
[SourceVersionDate "2019.06.15"]
[SourceQuality "1"]

1. d4 d5 2. Nf3 c5 3. g3 Nf6 4. Bg2 Nc6 5. O-O e6 6. c4 dxc4 7. Ne5 Bd7 8. Nxc6
Bxc6 9. Bxc6+ bxc6 10. Qa4 Qb6 11. dxc5 Bxc5 12. Qxc4 O-O 13. Nc3 Qb4 14. Qxb4
Bxb4 15. Na4 Nd5 16. a3 Be7 17. e4 Nb6 18. Nxb6 axb6 1/2-1/2

[Event "28. Obert La Pobla de Lillet"]
[Site "La Pobla de Lillet ESP"]
[Date "2018.08.05"]
[Round "5.3"]
[White "Gonzalez Saguillo, Oriol"]
[Black "Longa Yauca, Javier"]
[Result "0-1"]
[WhiteElo "2098"]
[BlackElo "2268"]
[PlyCount "76"]
[EventDate "2018.08.01"]
[EventType "swiss"]
[EventRounds "9"]
[EventCountry "ESP"]
[SourceTitle "Ajedrez en Madrid"]
[Source "lmi"]
[SourceDate "2018.08.01"]
[SourceVersion "1"]
[SourceVersionDate "2019.06.15"]
[SourceQuality "1"]

1. e4 e6 2. d4 d5 3. Nd2 Nf6 4. e5 Nfd7 5. Bd3 c5 6. c3 Nc6 7. Ne2 Qb6 8. Nf3
cxd4 9. cxd4 Bb4+ 10. Bd2 f6 11. exf6 Nxf6 12. O-O Bd6 13. Bc3 O-O 14. Rc1 Bd7
15. Ne5 Bxe5 16. dxe5 Ng4 17. Nd4 Ncxe5 18. Be2 Nf6 19. b3 Rae8 20. a4 Ne4 21.
Bb2 Nc6 22. Bh5 Rc8 23. Bf3 Nf6 24. Nb5 a6 25. Nd6 Rcd8 26. Ba3 Nb4 27. Qd2 a5
28. Bxb4 axb4 29. Nb5 Bc6 30. Qxb4 d4 31. Qe7 Bxf3 32. Rc7 Nh5 33. gxf3 d3 34.
Rxb7 Qc6 35. Rc7 Qxf3 36. Qxe6+ Kh8 37. Nd6 Nf4 38. Nf7+ Rxf7 0-1